| 000 | 01627nam0a2200385 4500 | ||
|---|---|---|---|
| 001 | RU\NLR\BIBL_A\010663372 | ||
| 005 | 20260408183829.0 | ||
| 010 |
_a978-5-7749-0876-9 _91000 |
||
| 021 |
_aRU _b2014-91181 _95536 |
||
| 035 | _a(NLR Aleph) 010663372 | ||
| 035 | _a(NILC)RuMoRGB-007838168 | ||
| 090 |
_a9575883 _c9575883 |
||
| 100 | _a20150202d2014 u y0rusy50 ca | ||
| 101 | 1 |
_arus _ceng |
|
| 102 | _aRU | ||
| 105 | _ay|||z|||001yy | ||
| 200 | 1 |
_aО страхе _fРената Салецл _gпер. с англ. Виктора Мазина _gРос. акад. нар. хоз-ва и гос. службы при Президенте Рос. Федерации |
|
| 210 |
_aМосква _cДело _d2014 |
||
| 215 |
_a190, [1] с. _d20 |
||
| 300 | _aПер. изд.: On anxiety / Renata Salecl, London, New York, 2004 | ||
| 300 | _aНа 3-й с. авт.: Рената Салецл, социолог, психоаналитик, философ | ||
| 320 | _aБиблиогр. в подстроч. примеч. | ||
| 454 | 0 |
_12001#$aOn anxiety$fRenata Salecl _1210##$aLondon$aNew York$d2004 _1700#1$aSalecl$bR.$gRenata _tOn anxiety _aSalecl, Renata |
|
| 606 | 1 |
_aСтрах _xПсихоанализ _92431173 _3RU\NLR\AUTH\661447055 |
|
| 606 |
_aСтрах (социол.) _91729324 _3RU\NLR\AUTH\661069174 |
||
| 686 | 1 | _aЮ935.212-953.6 | |
| 686 | 1 | _aС550.65 | |
| 700 | 1 |
_aСалецл _bР. _f1962- _gРената |
|
| 801 | 0 |
_aRU _bРГБ _c20141212 _gRCR |
|
| 801 | 1 |
_aRU _bРГБ _c20141212 _2rusmarc |
|
| 942 | _cBOOK | ||
| 980 | _aNBR | ||
| 980 | _aNB | ||